00869cam a2200265 a 450000100060000000300080000600500170001400800410003102000100007203500190008204000480010104100080014908200270015710000540018424500900023826000650032830000180039349000080041150400360041950500170045565000320047265000350050470000200053983000440055946435BD-RjUL20211209054143.01608-2s1955 enka b 001 0 eng  c(V-8) a(BD-RjUL)46553 aDLCcOClU-LdFTaSU-LdUkdDLCdBD-RjULbeng aeng 223a345.4104bEDM 195510aEdwards, J. Ll. J.q(John Llewelyn Jones),d1918-10aMens rea in statutory offences /cby J.Ll.J. Edwards ; edited by L. radzinowicz LL.D. aLondon :bMacmillan ;aNew York :bSt. Martin's Press,c1955 aV. ; c23 cm. aV-8 aIncludes bibliography and index0 aVol. VIII--- 0aCriminal lawzGreat Britain 0aCriminal intentzGreat Britain aRadzinowicz, L. aEnglish studies in criminal science V-8